Ape adventures / (Record no. 5788)

MARC details
000 -LEADER
fixed length control field 01077cam a2200349 a 4500
001 - CONTROL NUMBER
control field 5788
003 - CONTROL NUMBER IDENTIFIER
control field FISKH
005 - DATE AND TIME OF LATEST TRANSACTION
control field 20250723143516.0
008 - FIXED-LENGTH DATA ELEMENTS--GENERAL INFORMATION
fixed length control field 080201s2008 nyua j 001 0 eng
010 ## - LIBRARY OF CONGRESS CONTROL NUMBER
LC control number 2008004666
020 ## - INTERNATIONAL STANDARD BOOK NUMBER
International Standard Book Number 9780756637514 (pbk.)
020 ## - INTERNATIONAL STANDARD BOOK NUMBER
International Standard Book Number 9781465402394
020 ## - INTERNATIONAL STANDARD BOOK NUMBER
International Standard Book Number 9780756637507 (hbk.)
040 ## - CATALOGING SOURCE
Original cataloging agency DLC
Transcribing agency DLC
Modifying agency DLC
Language of cataloging eng
050 ## - LIBRARY OF CONGRESS CALL NUMBER
Classification number QL737.P96
082 ## - DEWEY DECIMAL CLASSIFICATION NUMBER
Classification number 599.88
100 1# - MAIN ENTRY--PERSONAL NAME
Personal name Chambers, Catherine,
Dates associated with a name 1954-
245 10 - TITLE STATEMENT
Title Ape adventures /
Statement of responsibility, etc. written by Catherine Chambers.
260 ## - PUBLICATION, DISTRIBUTION, ETC.
Place of publication, distribution, etc. New York :
Name of publisher, distributor, etc. DK Publishing,
Date of publication, distribution, etc. 2008.
300 ## - PHYSICAL DESCRIPTION
Extent 24 pages :
Other physical details color illustrations ;
Dimensions 23 cm
490 0# - SERIES STATEMENT
Series statement Dk readers level 3
500 ## - GENERAL NOTE
General note Includes index.
505 ## - FORMATTED CONTENTS NOTE
Formatted contents note R<br/>
520 ## - SUMMARY, ETC.
Summary, etc. Discusses some of the instances where humans have studied and helped the ape population.
521 8# - TARGET AUDIENCE NOTE
Target audience note 720<br/>
Source Lexile<br/>
521 8# - TARGET AUDIENCE NOTE
Target audience note R<br/>
Source Raz-Plus<br/>
650 #0 - SUBJECT ADDED ENTRY--TOPICAL TERM
Topical term or geographic name entry element Apes
Form subdivision Juvenile literature.
650 #0 - SUBJECT ADDED ENTRY--TOPICAL TERM
Topical term or geographic name entry element Human-animal relationships
Form subdivision Juvenile literature.
906 ## - LOCAL DATA ELEMENT F, LDF (RLIN)
a 7
b cbc
c orignew
d 1
e ecip
f 20
g y-gencatlg
942 ## - ADDED ENTRY ELEMENTS (KOHA)
Source of classification or shelving scheme Dewey Decimal Classification
Koha item type Books
Suppress in OPAC No
Holdings
Withdrawn status Lost status Source of classification or shelving scheme Damaged status Not for loan Collection Home library Current library Shelving location Date acquired Total Checkouts Full call number Barcode Date last seen Copy number Price effective from Koha item type
    Dewey Decimal Classification     Non-Fiction Footprints International School Library Network Toul Kork Campus Footprints International School Library Network Toul Kork Campus TK Primary Library Room(4th Floor), Bookcase 5&6, Shelves 33-56, Orange Books 01/22/2025   CHA 599.88 QL737.P96 FISTK01424 01/22/2025 1 01/22/2025 Books
    Dewey Decimal Classification     Non-Fiction Footprints International School Library Network Toul Tom Poung Campus Footprints International School Library Network Toul Tom Poung Campus TTP Primary Orange Bookshelves 07/23/2025   CHA 599.88 QL737.P96 FIS03401 07/23/2025 1 07/23/2025 Books